CESAR Vallejo : la máscara del dolor /
Guardado en:
| Autor principal: | |
|---|---|
| Formato: | Desconocido |
| Lenguaje: | Spanish |
| Publicado: |
España :
EPRAN,
1978.
|
| Colección: | (Colección "José Enrique Rodó")
|
| Materias: | |
| Etiquetas: |
Agregar Etiqueta
Sin Etiquetas, Sea el primero en etiquetar este registro!
|
MARC
| LEADER | 000000000a22000000004500 | ||
|---|---|---|---|
| 001 | 002579 | ||
| 020 | |a 8439981929 | ||
| 041 | 0 | |a spa | |
| 082 | 0 | 4 | |a P861.4D |b V192f |
| 100 | 1 | |a Finch, Delia | |
| 245 | 1 | 0 | |a CESAR Vallejo : |b la máscara del dolor / |c Delia Finch. |
| 260 | 1 | |a España : |b EPRAN, |c 1978. | |
| 300 | |a 53 páginas ; |c 21 cm. | ||
| 490 | 1 | |a (Colección "José Enrique Rodó") | |
| 650 | 4 | |a VALLEJO, CESAR ABRAHAM, 1892-1938 | |
| 999 | |c 8963 |d 8963 | ||
| 942 | |c BK |h P861.4D V192f |2 z | ||



